| 000 | 02492nam a22004097a 4500 | ||
|---|---|---|---|
| 003 | KnowledgeUnlatched | ||
| 005 | 20210303104747.0 | ||
| 006 | m o d | ||
| 007 | cr u|||||||||| | ||
| 008 | 210129p20192020xx o u00| u eng d | ||
| 037 | _5BiblioBoard | ||
| 245 | 0 | 0 |
_aEIB Working Papers 2019/04 - Can survey-based information help to assess investment gaps in the EU? _cDaniel Dejuan, European Investment Bank, Pana Alves, Laurent Maurin. _nVolume 2019/4 |
| 020 | _a9789286142345 | ||
| 024 | 8 | _ahttps://doi.org/10.2867/9430 | |
| 029 | 1 | _ahttps://library.biblioboard.com/ext/api/media/ec51aade-0e2d-466d-906b-beef5d9510a9/assets/thumbnail.jpg | |
| 040 |
_aScCtBLL _cScCtBLL |
||
| 100 | 1 |
_aDejuan, Daniel _eauthor. |
|
| 506 | 0 |
_aAccess copy available to the general public. _fUnrestricted _2star |
|
| 700 | 1 |
_aEuropean Investment Bank _eeditor. |
|
| 700 | 1 |
_aAlves, Pana _eauthor. |
|
| 700 | 1 |
_aMaurin, Laurent _eauthor. |
|
| 264 | 1 | _bEuropean Investment Bank, | |
| 300 | _a1 online resource (1 p.) | ||
| 490 | 1 | _aEIB Working Papers | |
| 520 | _aInformation from surveys can be used alongside macroeconomic indicators to provide a better understanding of the obstacles to investment faced by firms. This study uses merged firm level data from the European Investment Bank Investment Survey (EIBIS) and hard data from firms' balance sheets and profit and loss information to investigate how well survey results correlate with macro-based hard data. Firms' perceptions of impediments to investment tend to be related to firms' specific characteristics: firms that are smaller, more indebted, less profitable or with less liquidity, tend to report more impediments. Nonetheless, after controlling for firm specific characteristics, the investment gaps reported by firms remain correlated with the reported impediments. | ||
| 588 | 0 | _aDescription based on print version record. | |
| 590 | _aKU Open Services | ||
| 650 | 7 |
_aBusiness & Economics / Finance _2bisacsh |
|
| 650 | 0 | _aEconomics | |
| 655 | 0 | _aElectronic books. | |
| 758 |
_iIs found in: _aKnowledge Unlatched _1https://openresearchlibrary.org/module/2774bc74-146a-484f-a7ba-ab1d6a09bbfb |
||
| 830 | 0 | _aEIB Working Papers | |
| 856 | 4 | 0 |
_uhttps://openresearchlibrary.org/content/ec51aade-0e2d-466d-906b-beef5d9510a9 _zView this content on Open Research Library. _70 |
| 999 |
_c32547 _d32547 |
||